000 00677cam a22002413a 4500
001 19107
003 PGUSA
005 20140828083415.0
008 060823s2006||||xxu|||||s|||||000 1 eng d
040 _aPGUSA
_beng
042 _adc
050 4 _aPS
100 1 _aRead, Opie Percival,
_d1852-1939
245 1 3 _aAn Arkansas Planter
_h[electronic resource] /
_cOpie Percival Read
260 _bProject Gutenberg,
_c2006
506 _aPublic domain in the USA.
516 _aElectronic text
653 _aArkansas -- Fiction
653 _aPlantation life -- Fiction
830 0 _aProject Gutenberg
_v19107
856 4 0 _uhttp://www.gutenberg.org/ebooks/19107
942 _cEB
999 _c248362
_d248362